000 01053nam0a22002411 4500
001 rc\2939556
005 20110824155054.2
035 _a(NLR Aleph) 007088447
090 _a6548885
_c6548885
100 _a20110824d1939 |||y0rusy50 ca
101 0 _arus
102 _aRU
105 _ay z |||||
200 1 _aФотопериодическая адаптация растений
_eОпыт применения исторического метода к анализу явлений фотопериодизма
_eТезисы к дисс. на соискание ученой степени доктора биологических наук ...
_fФ.Ф. Мацков
_gЛенингр. гос. ун-т
210 _aЛенинград
_cПолиграф. лаб. ЛГУ
_d1939
215 _a4, [1] с.
_d22 см
300 _aБез тит. л. и обл.
700 1 _aМацков
_bФ. Ф.
_f1897-
_gФедор Филиппович
801 0 _aRU
_bNLR
_gpsbo
801 1 _aRU
_bELAR
_2rusmarc
852 _aNLR
_j39-11/2416
942 _cBOOK
980 _aNB